VAT in property and construction (Record no. 108385)
[ view plain ]
| 000 -LEADER | |
|---|---|
| fixed length control field | 01057cam a22002415a 4500 |
| 001 - CONTROL NUMBER | |
| control field | E144133 |
| 008 - FIXED-LENGTH DATA ELEMENTS--GENERAL INFORMATION | |
| fixed length control field | 080624s2008 xxk f 000 0 eng d |
| 020 ## - INTERNATIONAL STANDARD BOOK NUMBER | |
| International Standard Book Number | 9781842193785 |
| 035 ## - SYSTEM CONTROL NUMBER | |
| System control number | (Sirsi) u144133 |
| 041 0# - LANGUAGE CODE | |
| Language code of text/sound track or separate title | eng |
| 050 04 - LIBRARY OF CONGRESS CALL NUMBER | |
| Classification number | 336.271 $2 18 |
| 100 1# - MAIN ENTRY--PERSONAL NAME | |
| Personal name | Potts, Julian |
| 245 00 - TITLE STATEMENT | |
| Title | VAT in property and construction |
| Remainder of title | a surveyor's handbook |
| 260 ## - PUBLICATION, DISTRIBUTION, ETC. | |
| Place of publication, distribution, etc. | Coventry |
| Name of publisher, distributor, etc. | RICS |
| Date of publication, distribution, etc. | 2008 |
| 300 ## - PHYSICAL DESCRIPTION | |
| Extent | xxvi, 294p. |
| Dimensions | 23cm. |
| 505 2# - FORMATTED CONTENTS NOTE | |
| Formatted contents note | Introduction to VAT and property -- General principles -- Recovery of VAT -- Commercial property transactions -- Residential and charitable property -- Construction services -- Specific building types -- Appendices |
| 520 ## - SUMMARY, ETC. | |
| Summary, etc. | Outlines the current interpretation of VAT legislation in relation to construction and property. Includes a reference section which sets out extracts from UK and European VAT legislation, useful forms and recent briefing notes from HM Revenue and Customs. |
| 521 ## - TARGET AUDIENCE NOTE | |
| Target audience note | Advanced |
| 590 ## - LOCAL NOTE (RLIN) | |
| Local note | KA |
| 651 #4 - SUBJECT ADDED ENTRY--GEOGRAPHIC NAME | |
| Geographic name | United Kingdom |
| Chronological subdivision | |
| 690 ## - LOCAL SUBJECT ADDED ENTRY--TOPICAL TERM (OCLC, RLIN) | |
| Topical term or geographic name as entry element | PROPERTY-PROPERTY TAXATION |
| 942 ## - ADDED ENTRY ELEMENTS (KOHA) | |
| Suppress in OPAC | 0 |
| Withdrawn status | Lost status | Source of classification or shelving scheme | Damaged status | Not for loan | Home library | Current library | Shelving location | Date acquired | Total Checkouts | Full call number | Barcode | Date last seen | Date last checked out | Copy number | Price effective from | Koha item type |
|---|---|---|---|---|---|---|---|---|---|---|---|---|---|---|---|---|
| Dewey Decimal Classification | London | London | Books | 02/07/2008 | 7 | 336.271 POT | 30074853 | 06/08/2019 | 13/01/2010 | 1 | 06/08/2019 | Book | ||||
| Dewey Decimal Classification | London | London | Books | 02/07/2008 | 336.271 POT | 30074851 | 06/08/2019 | 3 | 06/08/2019 | Reference material | ||||||
| Dewey Decimal Classification | London | London | RICS Boxes | 09/06/2009 | RICS 2008/20 | 30074850 | 06/08/2019 | 1 | 06/08/2019 | Archive |